00525nmm a2200169Ia 4500008004100000020001800041041000800059100002400067245007900091264004400170300001800214490001600232650003200248856005100280942000700331999001700338251105s9999||||xx |||||||||||||||||und|| a9788416421213 aspa aFontaine, Guillaume 0aEl análisis de políticas públicas : conceptos, teorías y métodos a[Madrid, España] :bAnthropos, c2015 a208 páginas aCuadernos A aPolitical Science (General) uhttps://public.digitaliapublishing.com/a/41673 cCF c77721d77721